Headway teacher's book : Advanced
A multi-level course, supported by a broad range of supplementary material, which targets both accuracy and fluency in all four language skills.
Enregistré dans:
| Format: | Livre |
|---|---|
| Langue: | Undetermined |
| Publié: |
Oxford
Oxford University Press
1989
|
| Sujets: | |
| Tags: |
Ajouter un tag
Pas de tags, Soyez le premier à ajouter un tag!
|
| Thư viện lưu trữ: | Trung tâm Học liệu Trường Đại học Cần Thơ |
|---|
| LEADER | 00939nam a2200217Ia 4500 | ||
|---|---|---|---|
| 001 | CTU_141206 | ||
| 008 | 210402s9999 xx 000 0 und d | ||
| 020 | |c 2.41 | ||
| 082 | |a 428.0071 | ||
| 082 | |b H432 | ||
| 245 | 0 | |a Headway teacher's book : | |
| 245 | 0 | |b Advanced | |
| 245 | 0 | |c John Soars, Liz Soars | |
| 260 | |a Oxford | ||
| 260 | |b Oxford University Press | ||
| 260 | |c 1989 | ||
| 520 | |a A multi-level course, supported by a broad range of supplementary material, which targets both accuracy and fluency in all four language skills. | ||
| 650 | |a English language,English language,Tiếng anh | ||
| 650 | |x Spoken english,Problems, exercises, etc,Textbooks for foreign speakers,Nói tiếng Anh,Những vấn đề, bài tập | ||
| 904 | |i Năm, H.Mai chuyển số PL về 428.0071 dùng cho cả bộ, mã hóa cutter theo tên sách | ||
| 980 | |a Trung tâm Học liệu Trường Đại học Cần Thơ | ||